Normal view
MARC view
- Ziehen, Th.
Entry Nombre Personal
001 - NUMERO DE CONTROL
- campo de control: 53034
003 - IDENTIFICADOR DE NUMERO DE CONTROL
- campo de control: DLC
005 - FECHA Y HORA DE LA ÜLTIMA TRANSACCIÓN
- campo de control: 20240813114117.0
008 - DATOS DE LONGITUD FIJA
- campo de control de longitud fija: 240813|| aca||aabn | aaa d
010 ## - NÚMERO DE CONTROL DE LA BIBLIOTECA DEL CONGRESO
- Número de control LC: n 83825814
035 ## - NUMERO DE CONTROL
- Número de control: (OCoLC)oca01055071
040 ## - FUENTE DE CATALOGACIÓN
- Agencia original de catalogación: ICU
- Lenguaje de catalogación: spa
- Agencia de transcripción: ICU
- Agencia que lo modifica: OCoLC
- Agencia que lo modifica: MX-MxUPN
100 1# - ENCABEZAMIENTO - NOMBRE PERSONAL
- Nombre personal: Ziehen, Th.
- Fuller form of name: (Theodor),
- Fechas asociadas con el nombre: 1862-1950
670 ## - FUENTE EN LA QUE SE LOCALIZARON DATOS
- Cita de la fuente: LC, 13 agosto 2024 :
- Información localizada: (Ziehen, Th. (Theodor), 1862-1950)
- Uniform Resource Identifier: https://lccn.loc.gov/n83825814
902 ## - CATALOGADOR
- Catalogador: MaríaRobles/130824
